000
00321nam a2200133Ia 4500
005
20260328101531.0
008
260328s9999||||xx |||||||||||||| ||und||
100
_a
Shoenauer, Norbert
245
0
_a
6,000 Years of Housing /
_c
Norbert Shoenauer
260
_b
Garland
300
_a
222 p.
650
_a
HISTORIA
942
_c
BK
999
_c
9972
_d
9972